Long pollen record from lowland Amazonia: forest and cooling in glacial times (Registro nro. 11095)

Detalles MARC
000 -CABECERA
Campo de control 006480000a22002170004500
090 ## - CLASIFICACIÓN LOCAL
Colección AR
Consecutivo 02018
041 0# - IDIOMA
Código de idioma para texto/pista de sonido o título separado
100 1# - ASIENTO PRINCIPAL--NOMBRE PERSONAL
Nombre personal Colinvaux, P. A.
245 10 - MENCION DE TITULO
Título Long pollen record from lowland Amazonia: forest and cooling in glacial times
650 14 - ASIENTO SECUNDARIO DE MATERIA - TERMINO TEMATICO
Término temático o nombre geográfico como elemento de entrada Palinología
650 14 - ASIENTO SECUNDARIO DE MATERIA - TERMINO TEMATICO
Término temático o nombre geográfico como elemento de entrada Paleoecología
650 14 - ASIENTO SECUNDARIO DE MATERIA - TERMINO TEMATICO
Término temático o nombre geográfico como elemento de entrada Bosques húmedos tropicales
650 14 - ASIENTO SECUNDARIO DE MATERIA - TERMINO TEMATICO
Término temático o nombre geográfico como elemento de entrada Botánica
651 #4 - ASIENTO SECUNDARIO DE MATERIA - NOMBRE GEOGRAFICO
-- Brasil
700 1# - ASIENTO SECUNDARIO - NOMBRE PERSONAL
Nombre personal Oliveira, P. E. de
700 1# - ASIENTO SECUNDARIO - NOMBRE PERSONAL
Nombre personal Miller, M. C.
700 1# - ASIENTO SECUNDARIO - NOMBRE PERSONAL
Nombre personal Moreno, J. E.
700 1# - ASIENTO SECUNDARIO - NOMBRE PERSONAL
Nombre personal Bush, Mark B.
773 1# - Item fuente:
Título Science
Especificación de materiales 685
Paginas del Articulo 85-88
Lugar, editorial y fecha de publicación 1996
Información sobre la relación 274
942 ## - ELEMENTOS ADICIONALES (KOHA)
Tipo de ítem Artículo
Existencias
Withdrawn status Lost status Damaged status No para préstamo Colección Ubicación Permanente Ubicación actual Fecha de adquisición Datos de publicación Seriada Total Checkouts Número topográfico Inventario / Código de Barras Date last seen Ejemplar Price effective from Forma de adquisición Tipo de material
      No para Préstamo Hemeroteca Bogotá Bogotá 27/02/2015 Fuera de circulación   AR 02018 012392 25/03/2015 1 25/03/2015   Artículo